La gestión del marketing directo

সংরক্ষণ করুন:
গ্রন্থ-পঞ্জীর বিবরন
প্রধান লেখক: Cuesta, Félix (Author)
বিন্যাস: গ্রন্থ
ভাষা:স্প্যানিশ
প্রকাশিত: Madrid McGraw Hill 1997
মালা:Serie McGraw Hill de Management
বিষয়গুলি:
ট্যাগগুলো: ট্যাগ যুক্ত করুন
কোনো ট্যাগ নেই, প্রথমজন হিসাবে ট্যাগ করুন!

MARC

LEADER 00000nam a2200000 a 4500
001 UCP4753
003 CL-VaPUC
008 990813e19970000SP |||||||||||||||||spa|d
082 0 4 |a 658.84  |b CUE  |2 21 
100 0 |a Cuesta, Félix  |e author  |9 432615 
245 1 3 |a La gestión del marketing directo 
300 |a 158 p 
942 |c BK 
945 |d 19990813 00:00:00  |a vberengu 
260 |a Madrid  |b McGraw Hill  |c 1997 
650 7 |a DEMANDA  |2 CL-VaPUC  |9 255172 
650 7 |a ECONOMIA DE LA EMPRESA  |2 CL-VaPUC  |9 391714 
650 0 |a Marketing  |9 259324 
650 0 |a Mercados  |9 338624 
650 0 |a Oferta  |9 357541 
650 0 |a Análisis de mercado   |9 260838 
583 |a last modification  |c 19990813 00:00:00  |k Rodrigo Vera 
490 0 |a Serie McGraw Hill de Management 
999 |c 282651  |d 282649 
952 |0 0  |1 0  |4 0  |6 658_840000000000000_CUE_1997  |7 0  |8 A  |9 324707  |a BIBENE  |b BIBENE  |d 2019-11-20  |i 3546071  |o 658.84 CUE 1997  |p 3546071  |r 2025-01-15  |w 2019-11-20  |y BK  |k ICO 
952 |0 0  |1 0  |4 0  |6 658_840000000000000_CUE_1997  |7 0  |8 A  |9 324708  |a BIBING  |b BIBING  |d 2019-11-20  |i 3577287  |o 658.84 CUE 1997  |p 3577287  |r 2025-01-20  |w 2019-11-20  |y BK  |k TRA